000 00450nam a2200121Ia 4500
008 220615s9999||||xx |||||||||||||| ||und||
100 _aAmanda Johnson||Esther Chang
245 0 _aContemporary and Innovative Practice in Palliative Care
546 _aEnglish[eng]
650 _aMedicine||Public Health||Global Health||Health Sciences
856 _uhttps://www.intechopen.com/books/contemporary-and-innovative-practice-in-palliative-care
942 _cEB
999 _c11166
_d11166